Химия твердого тела: межвузовский сборник научных трудов

מידע ביבליוגרפי
מחבר תאגידי: Уральский политехнический институт им. С. М. Кирова
שפה:אנגלית
יצא לאור: Свердловск, Изд-во УралПИ, 1977-1989
פורמט: ספר
KOHA link:https://koha.lib.tpu.ru/cgi-bin/koha/opac-detail.pl?biblionumber=239322

MARC

LEADER 00000nam1a2200000 4500
001 239322
005 20231101231651.0
035 |a (RuTPU)RU\TPU\book\260540 
035 |a RU\TPU\book\227213 
090 |a 239322 
100 |a 20130606d1977 k y0rusy50 ba 
101 0 |a eng 
102 |a RU 
200 1 |a Химия твердого тела  |e межвузовский сборник научных трудов  |f Уральский политехнический институт им. С. М. Кирова 
210 |a Свердловск  |c Изд-во УралПИ  |d 1977-1989 
712 0 2 |a Уральский политехнический институт им. С. М. Кирова  |c (Свердловск)  |c (1948-1992)  |2 stltpush  |3 (RuTPU)RU\TPU\col\1982  |9 23638 
801 2 |a RU  |b 63413507  |c 20150702  |g RCR 
942 |c BK